| 000 | 00439nam a2200181Ia 4500 | ||
|---|---|---|---|
| 001 | 1998 | ||
| 005 | 20260306143810.0 | ||
| 008 | 260306t2023||||xx |||||||||||||| ||spa|| | ||
| 041 | _aESP | ||
| 082 |
_a610.1 _bM562 |
||
| 100 |
_aMochrie, Simon, _eAUT |
||
| 245 | 0 | _aIntroductory physics for the life sciences | |
| 260 | _c2023 | ||
| 300 |
_axxiv, 847 páginas : _c23 cm. |
||
| 650 | _aGEN | ||
| 654 | _aCCS | ||
| 942 |
_cLIB _dJUS _fJUS _2ddc _n |
||
| 999 |
_c1998 _d1998 |
||